Statistics for DC's Legends of Tomorrow Episodes

Click here to take the quiz!

General Stats

  • This quiz has been taken 28 times
    (15 since last reset)
  • The average score is 49 of 108

Answer Stats

seasonepisode title% Correct
Zari
100%
I, Ava
89%
Amazing Grace
78%
Beebo the God of War
78%
Helen Hunt
78%
Here i go Again
78%
No Country for Old Dads
78%
Aruba
67%
3Aruba-con
67%
Part 4 of crossoverCrisis on Earth X
67%
Freakshow
67%
Guest Starring John Noble
67%
crossover epInvasion
67%
Meet the Legends
67%
Phone Home
67%
1Pilot
67%
Return of the Mack
67%
Star City 2046
67%
The Curse of the Earth Totem
67%
The Good, the Bad and the Cuddly
67%
Welcome to the Jungle
67%
5 crossover finaleCrisis on Infinite Earths
56%
Daddy Darhkest
56%
I am Legends
56%
Left Behind
56%
Legendary
56%
Meat the Legends
56%
Necromancing the Stone
56%
Night of the Hawk
56%
Stressed Western
56%
The Final Frame
56%
4The Virgin Gary
56%
too legit to quit
56%
Wet Hot American Bummer
56%
Zari, Not Zari
56%
A Head of Her Time
44%
Bad Blood
44%
Bishop's Gambit
44%
Blood Ties
44%
Camelot/3000
44%
Dancing Queen
44%
Destiny
44%
Doomworld
44%
6Ground control to Sara Lance
44%
hell No, Dolly
44%
Hey,world
44%
Marooned
44%
Mortal Khanbat
44%
Nip/Stuck
44%
2Out of Time
44%
Paranoid android
44%
Ship Broken
44%
Silence of the Sonograms
44%
Swan Thong
44%
7The Bullet Blondes
44%
The Ex-Factor
44%
The Fungus Amongus
44%
the Lowest Common demoninator
44%
The Need For Speed
44%
The Satanists Apprentice
44%
White Knights
44%
Witch Hunt
44%
Abominations
33%
A Woman's place is in the war effort!
33%
Back to the Finale
33%
Bay of Squids
33%
Bored on Board Onboard
33%
Deus Ex Latrina
33%
Fail Safe
33%
Fellowship of the Spear
33%
Freaks and Greeks
33%
It's a Mad Mad Mad Mad Scientist
33%
Lucha de Apuestas
33%
Miss Me kiss Me Love me
33%
Moonshot
33%
Mr Parker's Cul De Sac
33%
rage against the machines
33%
Raiders of the Lost Art
33%
Romeo V Juliet dawn of justness
33%
Seance and Sensibility
33%
Slay Anything
33%
Speakeasy Does it
33%
Tagumo Attacks
33%
Tender is the Nate
33%
Terms of Service
33%
The Chicago Way
33%
The Eggplant, the Witch and the wardrobe
33%
the fixed point
33%
The Great British Fake off
33%
The Justice Society of America
33%
The Legion of Doom
33%
The One Where We're Trapped on TV
33%
There will be Blood
33%
This is Gus
33%
wvrdr_ error_100 not found
33%
Compromised
22%
Egg MacGuffin
22%
Land of the Lost
22%
Legends of the To meow meow
22%
Leviathan
22%
Outlaw Country
22%
River of Time
22%
Shogun
22%
The Getaway
22%
The Magnificent Eight
22%
Turncoat
22%
Last Refuge
11%
Progeny
11%

Score Distribution

Percentile by Number Answered

Percent of People with Each Score

Your Score History

You have not taken this quiz since the last reset